| 000 | 00575cab a2200217 4500 | ||
|---|---|---|---|
| 001 | ABS46005 | ||
| 008 | 090401t1992 xxu||||| |||| 00| 0 eng d | ||
| 035 | _a(Sirsi) u56301 | ||
| 041 | _aeng | ||
| 100 | _aParker, R. | ||
| 245 | _aHalving a tax bill | ||
| 260 | _c1992 | ||
| 350 | _a0 | ||
| 490 |
_aTaxation _v128(3340) 13 February 1992, 468-471(4) |
||
| 520 | _aExplains the relief for pre-1982 capital gains rolled over, using examples. | ||
| 650 | _aCAPITAL GAINS TAX | ||
| 650 | _aROLL OVER RELIEF | ||
| 690 | _aTAXATION | ||
| 942 | _n0 | ||
| 948 | _c04/03/1997 | ||
| 999 |
_c34334 _d34334 |
||